000 00964cam a22003137a 4500
003 CHAP
005 20220329141310.0
008 971010s1982 mx a r 00010 spa d
010 _a66005
011 _a66977
035 _a75964
040 _cCHAP
082 0 0 _a583.54
_bIn77
110 0 _aInstituto Nacional de Investigaciones sobre Recursos Bióticos. México
_959363
245 1 0 _aBignoniaceae
260 _aXalapa, Ver. :
_bEl INIREB,
_c1982
300 _a222 p. :
_bilus.
490 0 _aFlora de Veracruz
590 _aBATCH-UPD
_b10
_c20130110
_lUCH01
_h0420
590 _aBATCH-UPD
_b10
_c20130410
_lUCH01
_h0055
590 _aBATCH-UPD
_b10
_c20130914
_lUCH01
_h0735
590 _aCONVERSION
_b10
_c20130109
_lUCH01
_h1336
650 1 4 _aBotánica
_xVeracruz.
_914633
700 0 _aGentry, A. H.
_947519
830 0 0 _aFlora de Veracruz
_941323
901 _aBK
942 _cLIBRO
949 _a583.54 In77
_bBC
_cLIBRO
_d33724002164579
_eLIBRO
_gI.c/e
_i75964
_st
999 _c66005
_d66005